<?xml version="1.0" encoding="UTF-8"?>
<collection xmlns="http://www.loc.gov/MARC21/slim">
 <record>
  <leader>01268nam a22003137a 4500</leader>
  <controlfield tag="001">36105</controlfield>
  <controlfield tag="003">BD-DhAAL</controlfield>
  <controlfield tag="005">20211124131355.0</controlfield>
  <controlfield tag="008">190925r20182012ii a|||| |||| 001 0 eng d</controlfield>
  <datafield tag="999" ind1=" " ind2=" ">
   <subfield code="c">41335</subfield>
   <subfield code="d">41335</subfield>
  </datafield>
  <datafield tag="020" ind1=" " ind2=" ">
   <subfield code="a">9788122432732</subfield>
  </datafield>
  <datafield tag="040" ind1=" " ind2=" ">
   <subfield code="a">BD-DhAAL</subfield>
  </datafield>
  <datafield tag="082" ind1=" " ind2=" ">
   <subfield code="2">22</subfield>
   <subfield code="a">615.19</subfield>
  </datafield>
  <datafield tag="100" ind1=" " ind2=" ">
   <subfield code="a">Kar, Ashutosh</subfield>
   <subfield code="9">35362</subfield>
  </datafield>
  <datafield tag="245" ind1=" " ind2=" ">
   <subfield code="a">Pharmaceutical drug analysis /</subfield>
   <subfield code="c">Ashutosh Kar</subfield>
  </datafield>
  <datafield tag="250" ind1=" " ind2=" ">
   <subfield code="a">Third revised edition</subfield>
  </datafield>
  <datafield tag="260" ind1=" " ind2=" ">
   <subfield code="a">India :</subfield>
   <subfield code="b">New Age International Pvt. Ltd.,</subfield>
   <subfield code="c">2012 [reprint 2018]</subfield>
  </datafield>
  <datafield tag="300" ind1=" " ind2=" ">
   <subfield code="a">xxix, 667 pages : </subfield>
   <subfield code="b">illustrations ;</subfield>
   <subfield code="c">27 cm.</subfield>
  </datafield>
  <datafield tag="500" ind1=" " ind2=" ">
   <subfield code="a">Includes indexes.</subfield>
  </datafield>
  <datafield tag="526" ind1=" " ind2=" ">
   <subfield code="a">PHR</subfield>
  </datafield>
  <datafield tag="541" ind1=" " ind2=" ">
   <subfield code="a">STS International</subfield>
   <subfield code="e">36105, 36106</subfield>
  </datafield>
  <datafield tag="650" ind1=" " ind2=" ">
   <subfield code="a">Drugs</subfield>
   <subfield code="x">Analysis.</subfield>
   <subfield code="9">35363</subfield>
  </datafield>
  <datafield tag="650" ind1=" " ind2=" ">
   <subfield code="a">Drugs</subfield>
   <subfield code="x">Testing.</subfield>
   <subfield code="9">35364</subfield>
  </datafield>
  <datafield tag="650" ind1=" " ind2=" ">
   <subfield code="a">Pharmaceutical chemistry.</subfield>
   <subfield code="9">35365</subfield>
  </datafield>
  <datafield tag="650" ind1=" " ind2=" ">
   <subfield code="a">Pharmacy.</subfield>
   <subfield code="9">43093</subfield>
  </datafield>
  <datafield tag="852" ind1=" " ind2=" ">
   <subfield code="a">Ayesha Abed Library</subfield>
   <subfield code="c">General Stacks</subfield>
  </datafield>
  <datafield tag="942" ind1=" " ind2=" ">
   <subfield code="2">ddc</subfield>
   <subfield code="c">BK</subfield>
  </datafield>
  <datafield tag="952" ind1=" " ind2=" ">
   <subfield code="0">0</subfield>
   <subfield code="1">0</subfield>
   <subfield code="2">ddc</subfield>
   <subfield code="4">0</subfield>
   <subfield code="6">615_190000000000000_KAR</subfield>
   <subfield code="7">0</subfield>
   <subfield code="9">66433</subfield>
   <subfield code="a">BRACUL</subfield>
   <subfield code="b">BRACUL</subfield>
   <subfield code="c">GEN</subfield>
   <subfield code="d">2019-09-19</subfield>
   <subfield code="e">STS International</subfield>
   <subfield code="g">790.00</subfield>
   <subfield code="l">2</subfield>
   <subfield code="m">15</subfield>
   <subfield code="o">615.19 KAR</subfield>
   <subfield code="p">3010036105</subfield>
   <subfield code="r">2026-01-18</subfield>
   <subfield code="s">2025-10-19</subfield>
   <subfield code="t">1</subfield>
   <subfield code="v">790.00</subfield>
   <subfield code="w">2019-09-19</subfield>
   <subfield code="y">BK</subfield>
  </datafield>
  <datafield tag="952" ind1=" " ind2=" ">
   <subfield code="0">0</subfield>
   <subfield code="1">0</subfield>
   <subfield code="2">ddc</subfield>
   <subfield code="4">0</subfield>
   <subfield code="6">615_190000000000000_KAR</subfield>
   <subfield code="7">0</subfield>
   <subfield code="9">66434</subfield>
   <subfield code="a">BRACUL</subfield>
   <subfield code="b">BRACUL</subfield>
   <subfield code="c">GEN</subfield>
   <subfield code="d">2019-09-19</subfield>
   <subfield code="e">STS International</subfield>
   <subfield code="g">790.00</subfield>
   <subfield code="l">0</subfield>
   <subfield code="o">615.19 KAR</subfield>
   <subfield code="p">3010036106</subfield>
   <subfield code="r">2019-09-19</subfield>
   <subfield code="t">2</subfield>
   <subfield code="v">790.00</subfield>
   <subfield code="w">2019-09-19</subfield>
   <subfield code="y">BK</subfield>
  </datafield>
 </record>
</collection>
